In town to-night; (Record no. 186751)

000 -LEADER
fixed length control field 01075 a2200193 4500
003 - CONTROL NUMBER IDENTIFIER
control field Nust
005 - DATE AND TIME OF LATEST TRANSACTION
control field 20230525121459.0
010 ## - LIBRARY OF CONGRESS CONTROL NUMBER
LC control number 38039068
040 ## - CATALOGING SOURCE
Transcribing agency Nust
082 ## - DEWEY DECIMAL CLASSIFICATION NUMBER
Classification number 823,CAN
100 ## - MAIN ENTRY--PERSONAL NAME
Personal name Cannell, John Clucas
9 (RLIN) 112591
245 ## - TITLE STATEMENT
Title In town to-night;
Remainder of title the story of the popular B. B. C. feature told from within
Statement of responsibility, etc. J. C. Cannell
260 ## - PUBLICATION, DISTRIBUTION, ETC.
Place of publication, distribution, etc. London [etc.]
Name of publisher, distributor, etc. G. G. Harrap & company, ltd
Date of publication, distribution, etc. 1935
300 ## - PHYSICAL DESCRIPTION
Extent 311, [1] p
Other physical details front
Dimensions 1 illus
Accompanying material plates, ports
Type of unit facsim
Size of unit 22 cm
505 ## - FORMATTED CONTENTS NOTE
Formatted contents note How In Town To Night (Page-15),Ordeal (Page-18), Adventures In Search Of Characters (Page-28),The Cats (Page-39), Mishaps And Surprise (Page-54), The Minds Behind (Page-71 ), On Board (Page-201),A Peer As A Tramp (Page-208), Gipsy Ways (Page-217), An Atlantic Drama (Page-224), Fleet Street Days (Page-231), An Artist In Sail (Page-243), The Women (Page-260),Escaping For A Living (Page-275), Surprise Items For The Empire (Page-286).
600 ## - SUBJECT ADDED ENTRY--PERSONAL NAME
Personal name Cannell, John Clucas
9 (RLIN) 112591
650 ## - SUBJECT ADDED ENTRY--TOPICAL TERM
Topical term or geographic name entry element the story of the popular B. B. C. feature told from within
9 (RLIN) 112592
942 ## - ADDED ENTRY ELEMENTS (KOHA)
Source of classification or shelving scheme
Koha item type Book
Holdings
Withdrawn status Lost status Source of classification or shelving scheme Damaged status Not for loan Permanent Location Current Location Shelving location Date acquired Full call number Barcode Date last seen Price effective from Koha item type Public note
          Military College of Signals (MCS) Military College of Signals (MCS) Fiction 12/12/2016 823,CAN MCS30146 12/08/2016 12/12/2016 Book Almirah No.57, Shelf No.5
© 2023 Central Library, National University of Sciences and Technology. All Rights Reserved.